1371 1489 1382 1069 1567 1787 1693 1339 1796 1831 1851 1229 1881 1909 1839 1900 1986 1217 1103 1334 1310 1838 1193 1907 1149 1444 1750 1690 1428 1865 1842 1477 1152 1194 1983 1928 1649 1295 1941 1830 1940 1089 1948 1319 1378 1643 1948 1047 1816 1357 1770 1090 1049 1260 1588 1080 1364 1217 1950 1687 1720 1548 1450 1768 1836 1064 1410 1023 1541 1450 1374 1657 1702 1050 1410 1980 1067 1798 1121 1785 1690 1563 1003 1559 1872 1674 1540 1985 1205 1893 1774 1746 1399 1359 1108 1478 1993 1898 1629 BCNSPRNW ULIB Ver.6.0+V

เปลี่ยนเป็นภาษาไทย

Change to English
 แสดงรายละเอียดบรรณานุกรม
  กลับหน้าหลัก

Brief Record : Get Marc (ISO 2709) : E-mail record : QR code < ปิดหน้าต่าง
LEADER : 00000nam 2200000uu 4500
001    13399111861
003     ULIB
008    110627s2551||||th 000 0 tha d
020    9789740485797
090    นว.^bอ543S 2551
100 0  อันโตนิโอ
245 00 Serenade...2/^cอันโตนิโอ
250    พิมพ์ครั้งที่ 1
260    กรุงเทพฯ :^bศรีสยามการพิมพ์,^c2551
300    366 หน้า
945    ^p220^l0^i023609
995    ทศพร
999 ^a ใช้งานได้ทุกระบบ
รายการนี้ยังไม่มีแท็ก
คุณยังไม่ได้ล็อกอิน คุณสามารถมีกิจกรรมร่วมกับเว็บไซต์ได้ แต่ต้องล็อกอินก่อน ::
  ล็อกอิน

รายการสื่อสารสนเทศ

ลำดับที่ ประเภท เลขเรียก/บาร์โค้ด สถานที่ สถานะ
- ไม่พบข้อมูล -

BibComment


ยังไม่เคยถูกคอมเมนท์

คอมเมนท์ทรัพยากรรายการนี้
  คอมเมนท์: Serenade2 อันโตนิโอ


 Copyright 2026. Bcnsprnw @Library